Movies Quiz

Random Movies or Director Quiz

Quentin Tarantino Movies Quiz Stats

 Plays Quiz Updated Jul 21, 2019

Support Sporcle.
Go Orange.
Score 0/10 Timer 03:00
12 Plays Today
Year Movie Title % Correct
1994Pulp Fiction
95.6%
2003Kill Bill: Vol. 1
91.2%
2004Kill Bill: Vol. 2
90.6%
2019Once Upon a Time in Hollywood
85.6%
2012Django Unchained
85.1%
2015The Hateful Eight
82.8%
1992Reservoir Dogs
78.6%
2009Inglourious Basterds
63.2%
1997Jackie Brown
61.9%
2007Death Proof
58.3%

From the Vault

Airports Named for Famous People

by CMHMarc

We're eagerly waiting for the day when an airport gets named for Sporcle.
Remove Ads.
Support Sporcle.
Get the best of Sporcle when you Go Orange. This ad-free experience offers more features, more stats, and more fun while also helping to support Sporcle. Thank you for becoming a member.

Show Comments

Extras

Top Quizzes Today


Score Distribution

Your Account Isn't Verified!

In order to create a playlist on Sporcle, you need to verify the email address you used during registration. Go to your Sporcle Settings to finish the process.

Report this User

Report this user for behavior that violates our Community Guidelines.

Details: